Janapada kathegalu: Ashayagalu (Record no. 152644)

MARC details
000 -LEADER
fixed length control field 00645nam a2200217Ia 4500
003 - CONTROL NUMBER IDENTIFIER
control field OSt
005 - DATE AND TIME OF LATEST TRANSACTION
control field 20251216162314.0
008 - FIXED-LENGTH DATA ELEMENTS--GENERAL INFORMATION
fixed length control field 210210b2010 xxu||||| |||| 00| 0 eng d
020 ## - INTERNATIONAL STANDARD BOOK NUMBER
International Standard Book Number 9788190970135
040 ## - CATALOGING SOURCE
Transcribing agency AL
041 ## - LANGUAGE CODE
Language code of text/sound track or separate title Kannada
082 ## - DEWEY DECIMAL CLASSIFICATION NUMBER
Classification number 398.2K TALJ
100 ## - MAIN ENTRY--PERSONAL NAME
Personal name TALAVARA VAMADEVA
9 (RLIN) 249326
Dates associated with a name ತಳವಾರ ವಾಮದೇವ
245 ## - TITLE STATEMENT
Title Janapada kathegalu: Ashayagalu
Remainder of title ಜನಪದ ಕಥೆಗಳು: ಆಶಯಗಳು
260 ## - PUBLICATION, DISTRIBUTION, ETC.
Place of publication, distribution, etc. BengaLUru
Name of publisher, distributor, etc. Srashti Pablikeshans.
Date of publication, distribution, etc. 2010
300 ## - PHYSICAL DESCRIPTION
Extent x,193
650 ## - SUBJECT ADDED ENTRY--TOPICAL TERM
Topical term or geographic name entry element Hanneradu janapada kathegalu
9 (RLIN) 249327
690 ## - LOCAL SUBJECT ADDED ENTRY--TOPICAL TERM (OCLC, RLIN)
Topical term or geographic name as entry element Folklore
9 (RLIN) 249328
906 ## - LOCAL DATA ELEMENT F, LDF (RLIN)
a 068310
942 ## - ADDED ENTRY ELEMENTS (KOHA)
Source of classification or shelving scheme Dewey Decimal Classification
Koha item type Book
Holdings
Withdrawn status Lost status Source of classification or shelving scheme Damaged status Not for loan Collection code Home library Current library Shelving location Date acquired Source of acquisition Cost, normal purchase price Total Checkouts Full call number Barcode Date last seen Price effective from Koha item type
    Dewey Decimal Classification     Kannada St Aloysius Library St Aloysius Library   02/17/2021 Navakarnataka Publication Pvt Ltd Mangalore 150.00   398.2K TALJ 068310 02/17/2021 02/17/2021 Book